Music Quiz

Random Music or Celebrity Quiz

Bands & Musicians by Song: 'M' Quiz Stats

 Plays Quiz Updated Nov 2, 2017

Challenge
Share
Tweet
Score 0/20 Timer 05:00
12 Plays Today
% Correct
Madonna - Like A Virgin
96%
MC Hammer - U Can't Touch This
91.2%
Martin, Ricky - Livin' la Vida Loca
89%
Marley, Bob - No Woman No Cry
87.7%
Morissette, Alanis - Ironic
86%
The Monkees - Daydream Believer
85.8%
Michael, George - Careless Whisper
83.6%
Meat Loaf - I'd Do Anything For Love
83.2%
Maroon 5 - Moves Like Jagger
82.5%
The Mamas & the Papas - California Dreamin'
81.6%
% Correct
Metallica - Enter Sandman
81.5%
Mars, Bruno - Grenade
80.1%
McFerrin, Bobby - Don't Worry Be Happy
78.3%
Men At Work - Down Under
77.8%
Minogue, Kylie - Can't Get You Out Of My Head
76.4%
Motorhead - Ace Of Spades
71.9%
Marilyn Manson - The Beautiful People
71.6%
Mungo Jerry - In The Summertime
70.2%
Matchbox 20 - 3AM
69.1%
Mr. President - Coco Jambo
62.8%

You're not logged in!

Compare scores with friends on all Sporcle quizzes.
OR
Log In

You Might Also Like...

Show Comments

Extras

Top Quizzes Today


Score Distribution

Your Account Isn't Verified!

In order to create a playlist on Sporcle, you need to verify the email address you used during registration. Go to your Sporcle Settings to finish the process.

Report this User

Report this user for behavior that violates our Community Guidelines.

Details: